El hombre y sus obras (Record no. 79688)

MARC details
000 -LEADER
campo de control de longitud fija 00769nam a2200205 i 4500
001 - NÚMERO DE CONTROL
campo de control 79688
003 - IDENTIFICADOR DE NÚMERO DE CONTROL
campo de control ES-MaACL
005 - FECHA Y HORA DE LA ÚLTIMA TRANSACCIÓN
campo de control 20230906174030.0
007 - CAMPO FIJO DE DESCRIPCIÓN FÍSICA--INFORMACIÓN GENERAL
campo de control de longitud fija t|
008 - DATOS DE LONGITUD FIJA--INFORMACIÓN GENERAL
campo de control de longitud fija 041022s1974 mx ||||1| spa d
100 1# - ENTRADA PRINCIPAL--NOMBRE DE PERSONA
Nombre de persona Herskovits, Melville J.
9 (RLIN) 63394
245 13 - MENCIÓN DEL TÍTULO
Título El hombre y sus obras
Resto del título : la ciencia de la antropología cultural /
Mención de responsabilidad, etc. Melville J. Herskovits ; [traducción de M. Hernández Barroso ; revisión de Eugenio Imaz y Luis Alaminos].
250 ## - MENCION DE EDICION
Mención de edición [1ª ed.], 5ª reimp.
260 ## - PUBLICACIÓN, DISTRIBUCIÓN, ETC.
Lugar de publicación, distribución, etc. México :
Nombre del editor, distribuidor, etc. Fondo de Cultura Económica de México,
Fecha de publicación, distribución, etc. [1974]
300 ## - DESCRIPCIÓN FÍSICA
Extensión 782 p., 18 lám. :
Otras características físicas il. ;
Dimensiones 23 cm.
700 0# - ENTRADA AGREGADA--NOMBRE PERSONAL
Nombre de persona Hernández Barroso, Mateo.
9 (RLIN) 62886
700 1# - ENTRADA AGREGADA--NOMBRE PERSONAL
Nombre de persona Imaz, Eugenio.
9 (RLIN) 65203
700 1# - ENTRADA AGREGADA--NOMBRE PERSONAL
Nombre de persona Alaminos, Luis.
9 (RLIN) 19105
852 ## - LOCALIZACIÓN
Ubicación ES-MaACL
Número de control de estantería E-6039
Sublocalización o colección R.90594
Holdings
Estatus retirado Estado de pérdida Estado de daño No para préstamo Biblioteca de origen Biblioteca actual Ubicación en estantería Fecha de adquisición Fuente de adquisición Total de préstamos Signatura topográfica completa Código de barras Visto por última vez Precio de reemplazo Tipo de ítem Koha
        Biblioteca del Ateneo de Madrid Biblioteca del Ateneo de Madrid Depósito 2 17/01/2008     E-6039 1083326 23/02/2023 23/02/2023 Libro impreso